Pedoman ilmu tauhid
| Main Author: | |
|---|---|
| Format: | Book |
| Published: |
Singapura :
Pustaka Nasional ,
1992
|
| Subjects: |
MARC
| LEADER | 00000cam a2200000 7i4500 | ||
|---|---|---|---|
| 001 | 0000004552 | ||
| 002 | 000004908 | ||
| 005 | 20000330.0 | ||
| 020 | |a 9971770903 | ||
| 090 | 0 | 0 | |a 297.211 |b OSM |
| 100 | 0 | |a Osman bin Jantan |f Haji | |
| 245 | 1 | 0 | |a Pedoman ilmu tauhid |c Haji Osman bin Jantan |
| 260 | |a Singapura : |b Pustaka Nasional , |c 1992 | ||
| 300 | |a 191p. ; |c 22cm. | ||
| 650 | 0 | 0 | |a Tauhid (Islam) |
| 999 | |a 034633 |b BUKU |c PINJAMAN |e PERPUSTAKAAN KOMUNITI PETALING JAYA | ||